=LDR 00000nam 2200000 4500 =001 INLIS000000000030330 =005 20130612132502 =008 ***********************************Ind** =035 ##$$0010-061300000030330 =041 ##$$a Ind =082 ##$$a 418 =090 ##$$a 418, Suj b =100 ##$$a Sudjarwo =245 ##$$a Begibilah menggunakan bahasa Indonesia, Drs. Soedjarwo =260 ##$$a 1988 $b Yogyakarta =300 ##$$a 123 hlm, 21 cm =650 ##$$a Bahasa Indonesia =850 ##$$a NBPNMAT